La vuelta al mundo en 80 días /

Hay momentos en que la proverbial flema inglesa, cuyo ejemplar más depurado es Phileas Fogg, no podrá resistir a la tentación de dar al tozudo policía Fix un puñetazo tan eficaz como flemático. Fogg, que ha apostado su fortuna a que dará la vuelta al mundo en 80 días, empleará todos los medios de lo...

Descripción completa

Guardado en:
Autor Principal: Verne, Julio.
Otros Autores: Torrente Malvido, Javier; trad., Bértolo Cadenas, Constantino; ap., Neuville; il., Bennet, L.; il.
Formato: Libro
Idioma:Undetermined
Publicado: Madrid : Hyspamérica : Anaya, 1982.
Edición:1a ed.
Series:Mis libros. Aventura
Materias:
Etiquetas: Agregar Etiqueta
Sin Etiquetas, Sea el primero en etiquetar este registro!
LEADER 01625nam a22002775a 4500
001 CEM.cems024933
008 251014s1982####sp############000#0#und#d
005 20251014153045.0
245 1 0 |a La vuelta al mundo en 80 días /  |c Jules Verne ; traducción Javier Torrente Malvido ; apéndice Constantino Bértolo Cadenas ; ilustración Neuville y L. Bennet. 
250 |a 1a ed. 
260 |a Madrid :  |b Hyspamérica :  |b Anaya,  |c 1982. 
300 |a 286 p. 
490 1 |a Mis libros. Aventura 
500 |a Título original: Le tour du monde en quatre-vingts jours. 
520 |a Hay momentos en que la proverbial flema inglesa, cuyo ejemplar más depurado es Phileas Fogg, no podrá resistir a la tentación de dar al tozudo policía Fix un puñetazo tan eficaz como flemático. Fogg, que ha apostado su fortuna a que dará la vuelta al mundo en 80 días, empleará todos los medios de locomoción a su alcance: trenes, barcos, coches, y hasta un elefante y un trineo. Pero esta vuelta al mundo, en donde se combinan el humor, la aventura, el heroísmo y la típica abnegación de los personajes vernianos, reserva al lector otra sorpresa: la apuesta que le hace perder el policía se la hará ganar el sol de forma inesperada. 
020 |a 8475250734 
100 1 |a Verne, Julio. 
700 1 |a Torrente Malvido, Javier; trad. 
700 1 |a Bértolo Cadenas, Constantino; ap. 
700 1 |a Neuville; il. 
700 1 |a Bennet, L.; il. 
653 |a Literatura francesa 
653 |a Ciencia ficción 
653 |a Novela francesa 
653 |a Novela de aventuras 
859 |a CEMS  |b BIB. CEMS - 11 de abril  |h 843.8  |i V594-20  |p 30001.25  |t Ej.1